| 000 | 00000nam 2200000za 4500 |
| 001 | 9.846633 |
| 003 | CaOODSP |
| 005 | 20221107153242 |
| 007 | cr ||||||||||| |
| 008 | 171106s2017 onc o f000 0 eng d |
| 040 | |aCaOODSP|beng |
| 043 | |an-cn--- |
| 086 | 1 |aCi4-173/2017E-PDF |
| 245 | 00|aCitizenship Act changes |h[electronic resource]. |
| 260 | |a[Ottawa] : |bImmigration, Refugees and Citizenship Canada, |c[2017] |
| 300 | |a[1] p. |
| 500 | |aIssued also in French under title: Modifications à la Loi sur la citoyenneté. |
| 500 | |aCaption title. |
| 520 | |a"Find out how changes to the Citizenship Act give more flexibility for eligible applicants to meet the requirements for citizenship"--Provided by publisher. |
| 692 | 07|2gccst|aCitizenship |
| 710 | 1 |aCanada. |bImmigration, Refugees and Citizenship Canada. |
| 775 | 08|tModifications à la Loi sur la citoyenneté |w(CaOODSP)9.846636 |
| 856 | 40|qPDF|s203 KB|uhttps://publications.gc.ca/collections/collection_2017/ircc/Ci4-173-2017-eng.pdf |